Statistiques concernant Quizz FR Pokémon 2g 152-251

Cliquez ici pour prendre le quiz!

Statistiques générales

  • Ce quiz a été pris 112 fois
  • Le résultat moyen est 81 sur 100

Statistiques - réponses

HintRéponse% Correct
152Germignon
99%
158Kaiminus
99%
154Méganium
99%
160Aligatueur
97%
156Feurisson
97%
153Macronium
97%
159Crocrodil
96%
155Héricendre
96%
249Lugia
96%
157Typhlosion
96%
251Celebi
95%
244Entei
95%
250Ho-Oh
95%
243Raikou
95%
162Fouinar
93%
161Fouinette
93%
163Hoothoot
93%
164Noarfang
93%
245Suicune
93%
239Élekid
92%
240Magby
92%
248Tyranocif
92%
247Ymphect
91%
241Écrémeuh
89%
246Embrylex
89%
228Malosse
89%
196Mentali
89%
197Noctali
89%
172Pichu
89%
208Steelix
89%
229Démolosse
88%
181Pharamp
88%
237Kapoera
86%
173Mélo
86%
179Wattouat
86%
180Lainergie
85%
168Migalos
85%
175Togepi
85%
201Zarbi
85%
230Hyporoi
84%
167Mimigal
84%
169Nostenfer
84%
185Simularbre
84%
186Tarpaud
84%
176Togetic
84%
236Debugant
82%
200Feuforêve
82%
212Cizayox
81%
189Cotovol
81%
165Coxy
81%
188Floravol
81%
187Granivol
81%
238Lippouti
81%
174Toudoudou
81%
198Cornèbre
80%
166Coxyclaque
80%
199Roigada
80%
215Farfuret
77%
205Foretress
77%
203Girafarig
77%
220Marcacrin
77%
204Pomdepik
77%
177Natu
76%
178Xatu
76%
184Azumarill
74%
234Cerfrousse
74%
182Joliflor
74%
242Leuphorie
74%
183Marill
74%
233Porygon2
74%
214Scarhino
74%
221Cochignon
73%
192Héliatronc
73%
231Phanpy
73%
211Qwilfish
73%
227Airmure
72%
232Donphan
72%
171Lanturn
72%
218Limagma
72%
191Tournegrin
72%
217Ursaring
72%
219Volcaropod
72%
226Démanta
70%
170Loupio
70%
216Teddiursa
70%
194Axoloto
69%
206Insolourdo
69%
210Granbull
68%
195Maraiste
68%
223Rémoraid
68%
209Snubbull
68%
235Queulorior
66%
202Qulbutoké
66%
190Capumain
65%
207Scorplane
65%
225Cadoizo
64%
224Octillery
64%
222Corayon
59%
193Yanma
59%
213Caratroc
51%

Distribution des résultats

Percentile par nombre de réponses

% des personnes avec chaque résultat

Votre développement - résultats

Vous n’avez pas pris ce quiz